Szczegóły MARC21

XIV Sejmik Morski "Edukacja morska w Polsce", Szczecin 22-23 maja 1998 /

003 -Nazwa inst., której nr kontr. jest w polu 001 [,]
    • @
    • Nazwa instytucji, której n kontrolny jest w polu 001
    • NUKAT
005 -DATA I CZAS OSTATNIEJ MODYFIKACJI [,]
    • @
    • pole kontrolne
    • 20241231113224.0
040 -Instytucja sporządzająca opis [ , ]
    • a
    • Instytucja, która sporządziła opis (NP)
    • NUKAT
    • c
    • Instytucja, która sporządziła rekord (NP)
    • GD PAN/EP
    • d
    • Instytucja, która zmodyfikowała rekord (P)
    • GD PAN/AP
942 -Rodzaj dokumentu [ , ]
    • c
    • Rodzaj dokumentu
    • Książka
111 -Hasło główne - nazwa imprezy [2, ]
    • a
    • Nazwa imprezy (NP)
    • Sejmik Morski Find
    • n
    • Numer imprezy (P)
    • (14 ;
    • d
    • Data imprezy (NP)
    • 1998 ;
    • c
    • Miejsce imprezy (NP)
    • Szczecin).
    • 9
    • KHW
    • 659706
245 -Strefa tytułu i oznaczenia odpowiedzialności [1,0]
    • a
    • Tytuł
    • XIV Sejmik Morski "Edukacja morska w Polsce", Szczecin 22-23 maja 1998 / Find
    • c
    • Pozostałe elementy strefy tytułu i oznaczenia odpowiedzialności (NP)
    • Katolickie Stowarzyszenie "Civitas Christiana". Ośrodek Myśli Morskiej ; [oprac. red. Izabella Dunin-Kwinta].
246 -Wariant tytułu [3,0]
    • a
    • Tytuł (NP)
    • Sejmik Morski, 14
246 -Wariant tytułu [3,0]
    • a
    • Tytuł (NP)
    • Edukacja morska w Polsce
260 -Strefa adresu wydawniczego [ , ]
    • a
    • Miejsce wydania (P)
    • Szczecin :
    • b
    • Nazwa wydawcy (P)
    • Katolickie Stowarzyszenie "Civitas Christiana":
    • b
    • Nazwa wydawcy (P)
    • Foka,
    • c
    • Data wydania (P)
    • 1998.
300 -Strefa opisu fizycznego [ , ]
    • a
    • Określenie formy książki i/lub objętość (NP)
    • 239, [1] s. ;
    • c
    • Format (NP)
    • 21 cm.
336 -Typ zawartości [ , ]
    • a
    • Termin opisujący typ zawartości
    • Tekst
    • b
    • Kod określający zawartość
    • txt
    • 2
    • Źródło (terminu i kodu)
    • rdacontent
337 -Typ mediów [ , ]
    • a
    • Tryb odtwarzania
    • Bez urządzenia pośredniczącego
    • b
    • Kod typu mediów
    • n
    • 2
    • Źródło (terminu i kodu)
    • rdamedia
338 -Typ/rodzaj nośnika [ , ]
    • a
    • Hasło opisujące typ nośnika
    • Wolumin
    • b
    • Kod typu nośnika
    • nc
    • 2
    • Źródło (terminu i kodu)
    • rdacarrier
490 -Strefa serii i książki wielotomowej - forma nie do wyszukiwania [1, ]
    • a
    • Tytuł (P)
    • Sejmik Morski Find
830 -Hasło dodatkowe serii i opisu książki wielotomowej - tytuł ujednolicony/tytuł [ ,0]
    • a
    • Tytuł ujednolicony/tytuł (NP)
    • Sejmik Morski
    • x
    • ISSN
    • 1231-1782
    • 9
    • KHW
    • 436325
504 -Uwaga dot. bibliogr. załącznikowej [ , ]
    • a
    • Uwaga dot. bibliografii załącznikowej
    • Bibliogr. przy referatach.
080 -Uniwersalna Klasyfikacja Dziesiętna [ , ]
    • a
    • Symbol klasyfikacji
    • 551.46(061)
080 -Uniwersalna Klasyfikacja Dziesiętna [ , ]
    • a
    • Symbol klasyfikacji
    • :338.4(26)(061)
650 -Hasło przedmiotowe [ ,7]
    • a
    • Hasło przedmiotowe
    • Polityka morska
    • z
    • Określnik geograficzny
    • Polska
    • y
    • Określnik chronologiczny
    • 1990-
    • v
    • Określnik formalny
    • konferencje.
    • 2
    • Źródło terminu
    • kaba
    • 9
    • KHW
    • 404349
980 -Symbol UKD [ , ]
    • a
    • UKD
    • 551.46:338.4(26)](061)
700 -Hasło dodatkowe - nazwa osobowa [1, ]
    • a
    • Nazwa osobowa (NP)
    • Dunin-Kwinta, Izabella Find
    • d
    • Daty biograficzne (NP)
    • (1933-2019).
    • e
    • Określenie rodzaju współpracy
    • Red.
    • 9
    • KHW
    • 525838
710 -Hasło dodatkowe - nazwa ciała zbiorowego [2, ]
    • a
    • Nazwa ciała zbiorowego lub nazwa geograficzna jako pierwszy element (NP)
    • Katolickie Stowarzyszenie "Civitas Christiana".
    • b
    • Nazwa jednostki podrzędnej (P)
    • Ośrodek Myśli Morskiej.
    • 9
    • KHW
    • 646248
710 -Hasło dodatkowe - nazwa ciała zbiorowego [2, ]
    • a
    • Nazwa ciała zbiorowego lub nazwa geograficzna jako pierwszy element (NP)
    • Wydawnictwo FOKA (Szczecin).
    • 4
    • Kod relacji
    • pbl
    • 9
    • KHW
    • 507929
Sygnatura Numer inwentarzowy Status udost. Lokalizacja Data inwentaryzacji
W.203500W.203500-3BG2000-11-23
Z.97044Z.970441BG2000-11-23
T.1783T.1783-2T2000-01-31
T.1784T.1784-2T2000-01-31